| 000 | 00410cam a22001337a 4500 | ||
|---|---|---|---|
| 008 | 180718b1974 xxu||||| |||| 00| 0 eng d | ||
| 082 | _aB1 K849 | ||
| 100 | _aKothari, Rajni | ||
| 245 |
_aFootsteps into the future: diagnosis of the present world and a design for an alternative _cby Rajni Kothari |
||
| 260 |
_aDelhi _bOrient Longman _c1974 |
||
| 300 | _a173p. | ||
| 650 | _aSocial change | ||
| 650 | _aFuturlogy | ||
| 999 |
_c348493 _d348493 |
||